| 000 | 00658nam a22001937a 4500 | ||
|---|---|---|---|
| 005 | 20260225153637.0 | ||
| 008 | 260225b |||||||| |||| 00| 0 eng d | ||
| 020 | _a978-0-12-800645-0 | ||
| 050 | _aT 385 .P 493 2017 | ||
| 100 | _aPHARR, MATT | ||
| 245 | _aPHYSICALLY BASED RENDERING FROM THEORY TO IMPLEMENTATION | ||
| 250 | _a3 | ||
| 260 |
_aAMSTERDAM, _bELSEVIER MORGAN KAUFMANN PUBLISHERS, _c2017, |
||
| 300 | _aXXiX, 1233 P, ILL | ||
| 500 | _aINCLUDES BIBLIOGRAPHICAL REFERENCES | ||
| 650 | _aComputer graphics, Three-dimensional display systems, Image processing-Digital techniques | ||
| 700 | _aJACOB WENZEL, HUMPREYS GREG | ||
| 942 |
_2lcc _cBK |
||
| 999 |
_c216669 _d216669 |
||